00440 a2200133 4500003000400000005001700004008004100021040000900062082002300071100003700094245012500131260004100256300000900297OSt20231204120243.0231204b |||||||| |||| 00| 0 eng d coclc a954.0357092bBOS/I1 aBose, Subhas Chandra,d1897-1945 aIn Burmese prisons : bcorrespondence May 1923-July 1926cSubhas Chandra Bose, hEdited by Sisir K Bose and Sugata Bose. aNew Delhi:bOrient blackswan,c2023. a360p